| 000 | 00501nam a2200193Ia 4500 | ||
|---|---|---|---|
| 003 | SISC | ||
| 005 | 20181022080109.0 | ||
| 008 | 181016s9999 xx 000 0 und d | ||
| 020 | _a9781420118520 | ||
| 050 |
_aPS 3560 .A223 _b.J12 2014 |
||
| 100 | _aJackson, Lisa | ||
| 245 |
_cLisa Jackson _aDeserves to die/ |
||
| 260 |
_aNY: _bZebra Books _c2014 |
||
| 300 |
_a425 pages : _c17 cm. |
||
| 650 | _aSerial murder investigation | ||
| 650 | _aWomen detective | ||
| 942 |
_2lcc _cBK |
||
| 999 |
_c359238 _d359238 |
||